Curbing fraudulent behaviour (Record no. 78865)
[ view plain ]
| 000 -LEADER | |
|---|---|
| fixed length control field | 01108cab a22002295a 4500 |
| 001 - CONTROL NUMBER | |
| control field | L138426 |
| 008 - FIXED-LENGTH DATA ELEMENTS--GENERAL INFORMATION | |
| fixed length control field | 070605e20070602xxk g 000 0 eng d |
| 035 ## - SYSTEM CONTROL NUMBER | |
| System control number | (Sirsi) u138426 |
| 041 0# - LANGUAGE CODE | |
| Language code of text/sound track or separate title | eng |
| 100 1# - MAIN ENTRY--PERSONAL NAME | |
| Personal name | Edwards, Simon |
| 245 00 - TITLE STATEMENT | |
| Title | Curbing fraudulent behaviour |
| 260 ## - PUBLICATION, DISTRIBUTION, ETC. | |
| Date of publication, distribution, etc. | 2007 |
| 490 ## - SERIES STATEMENT | |
| Series statement | Estates Gazette |
| Volume/sequential designation | (0722) 2 June 2007, 156(1) |
| 520 ## - SUMMARY, ETC. | |
| Summary, etc. | Describes changes in the law due to the Fraud Act 2006, which came into force on 15 January 2007. More instances of deception may now be classed as fraud. Parties now do no have to suffer actual loss. Fraud may be perpetrated by placing another party in a position where they may suffer loss. Such cases have already come to court. Fraud can be committed by false representation, failure to disclose information when there is legal duty to do so, and by abuse of position. Agents who exaggerate bids in order to obtain higher offers are now committing fraud. |
| 590 ## - LOCAL NOTE (RLIN) | |
| Local note | KA |
| 650 24 - SUBJECT ADDED ENTRY--TOPICAL TERM | |
| Topical term or geographic name entry element | FRAUD ACT 2006 |
| 650 24 - SUBJECT ADDED ENTRY--TOPICAL TERM | |
| Topical term or geographic name entry element | THEFT ACT 1968 |
| 650 24 - SUBJECT ADDED ENTRY--TOPICAL TERM | |
| Topical term or geographic name entry element | THEFT ACT 1978 |
| 651 #4 - SUBJECT ADDED ENTRY--GEOGRAPHIC NAME | |
| Geographic name | England and Wales |
| Chronological subdivision | 1543- |
| 690 ## - LOCAL SUBJECT ADDED ENTRY--TOPICAL TERM (OCLC, RLIN) | |
| Topical term or geographic name as entry element | PROPERTY |
| 942 ## - ADDED ENTRY ELEMENTS (KOHA) | |
| Suppress in OPAC | 0 |
| Withdrawn status | Lost status | Source of classification or shelving scheme | Damaged status | Not for loan | Home library | Current library | Shelving location | Date acquired | Total Checkouts | Full call number | Barcode | Date last seen | Copy number | Price effective from | Koha item type |
|---|---|---|---|---|---|---|---|---|---|---|---|---|---|---|---|
| Dewey Decimal Classification | London | London | Journal article | 05/06/2007 | L138426 | 138426-1001 | 06/08/2019 | 1 | 06/08/2019 | Journal article |